Регионална библиотека "Любен Каравелов" - Русе

Нашият попмодернизъм (Запис номер 169256)

MARC детайли
000 -Лидер
Контролно поле с фиксирана дължина 01395nam a2200361 c 4500
003 - Код на организацията, давaща контролен номер
Контролно поле BLK
005 - Дата и час на последна редакция
Контролно поле 20250715143628.0
008 - Елементи от данни с фиксирана дължина
fixed length control field 180411b bul|||||r ||||||| ||bul||
010 ## - Наследен системен номер
LC control number KNG00177249000
020 ## - Международен стандартен номер на книга ISBN
Международен стандартен номер на книга ISBN 978-954-2992-15-8
040 ## - Източник на каталожния запис
Идентификатор на билиотеката - собственик на записа BLK
041 ## - Код за език
Код за езика на текст/звукозапис или на отделно заглавие Български
Код за езика КДБФ Български
072 #7 - Код за тематичната категория
Код организация bullib
Код за тематична категория Н83
Текст Чужда художествена литература Н
080 ## - УДК
Текстов определител УДК Немска литература
УДК код - определител по УДК 821.112.2
УДК определител -8
УДК - код + определител 821.112.2-8
100 1# - Редна дума - Автор
Автор Дегенс, Марк
Авторска отговорност първи автор
R(LIN) 59268
139 ## - Редно поле
Редна дума Дегенс, Марк
Авторски знак Дев - Д 32
245 10 - Сведения за заглавието
Заглавие Нашият попмодернизъм
Подзаглавни данни Комент. рубрики
Редно поле (дума) Марк Дегенс; прев. от нем. Пенка Емилова Ангелова.
257 ## - Страна на издаване
Страна на създаване/издаване Германия
260 ## - Област на издателските данни
Име на издателя, разпространителя и проч. Междунар. д-во Елиас Канети
Година на издаване 2014
Печатница В. Търново : Фабер
300 ## - Физическа характеристика
Страници 155 с.
Размери/Мащаб 21 см
380 ## - Жанр
Жанр Худож. лит.
490 1# - СЕРИИ (Колекции)
Име на серия Библиотека Нова Европа
500 ## - Общи забележки
Забележка Ориг. загл.: Unsere Popmoderne / Marc Degens
659 ## - Тематичен бюлетин
Тематичен бюлетин Н
700 1# - Други автори (авторска отговорност)
Лично име Ангелова, Пенка Емилова
Автороска отговорност (Описва отношението между автора и произведението) прев. от нем.
9 (RLIN) 364138
852 ## - Местоположение
Форматна сигнатура Цб 274967
856 4# - Електронен адрес и достъп
Електронен формат pdf - файл
856 4# - Електронен адрес и достъп
Електронен формат pdf - файл
999 ## - СИСТЕМНИ КОНТРОЛНИ НОМЕРА
Koha biblionumber 169256
Koha biblioitemnumber 169256
942 ## - АРТИКУЛИ
Вид на библиотечния материал Книги
Скрит в OPAC Не
Koha issues (borrowed), all copies 1
944 ## - СЪЗДАВАНЕ И РЕДАКЦИЯ на ЗАПИСА
Създаване/Редакция Създаване
Дата на регистрацията/редакция 26.06.2015
Служител, извършил регистрацията/редакцията 30546
Статус, дата на статуса Ренета Константинова
944 ## - СЪЗДАВАНЕ И РЕДАКЦИЯ на ЗАПИСА
Създаване/Редакция Редакция
Дата на регистрацията/редакция 09.11.2015
Служител, извършил регистрацията/редакцията Наталия_Медовщикова
999 ## - СИСТЕМНИ КОНТРОЛНИ НОМЕРА
Koha biblioitemnumber 169256
Наличности
Код за отписване Код за изгубен артикул Код за повреда Коз за рестрикции Код за отдаване Артикулен № Име на библиотеката - собственик Име на библиотеката, в която се намира в момента Статус (Текущо местоположение) Дата на вписване в системата Местоположение - отдел Цена в лева Инвентарен номер Систематично азбучна сигнатура Баркод Номер на екземпляра Цена в евро Служебна бележка Служебен тип на артикула Източник на класификационната схема
  Не е изгубен Не е повреден без рестрикции ползва се в читалня 286171 Регионална библиотека "Любен Каравелов" Русе Регионална библиотека "Любен Каравелов" Русе Хранилище 2015-06-28 Хранилище 9.00 120000789289 Цб 274967 120000789289 1 4.60 Дост: Dp Вид: Д N: 5 Дата: 24.01.2015 Книги  
  Не е изгубен Не е повреден без рестрикции заемане за дома 730942 Регионална библиотека "Любен Каравелов" Русе Регионална библиотека "Любен Каравелов" Русе Заемна - подръчен фонд 2019-07-18 Заемна - подръчен фонд 5.00   П 830-8/Д 32 120000834559   2.56   Книги Universal Decimal Classification
Vip Innovations Ltd, Rousse, Bulgaria 2025